GPS v dejstvii /

Gespeichert in:
Bibliographische Detailangaben
1. Verfasser: Hartley, John (Verfasst von)
Format: Buch
Sprache:Russisch
Veröffentlicht: Moskva : Mašinostrojenije, 1987
Schlagworte:
Tags: Tag hinzufügen
Keine Tags, Fügen Sie das erste Tag hinzu!

MARC

LEADER 00000nam a22000003a 4500
001 stu36745
005 20150617225726.5
008 920618s1987----xxr-----------------rus-d
040 |a STU  |b slo 
041 0 |a rus 
044 |a xxr 
080 |a 65.012.3  |7 stu_us_auth*stu4972 
100 1 |a Hartley, John  |4 aut 
245 1 |a GPS v dejstvii /  |c [aut.]John Hartley; Z angl. kol 
260 |a Moskva :  |b Mašinostrojenije,  |c 1987 
300 |a 328 s 
650 7 |a systémy výrobné pružné  |2 stusub 
650 7 |a výroba pružná  |2 stusub 
650 7 |a Systémy automatizované  |2 stusub 
996 |b 284M015168  |c M*2970-2  |l MMKN  |s A  |a 24  |w stu36745_0001